Jeux vidéo en image - W - Statistiques

Statistiques générales
  • Ce quiz a été pris 127 fois
    32 depuis la dernière actualisation
  • Le résultat moyen est 8 sur 20
Statistiques - réponses
Par images Réponse % Correct
Wii sport resort
86%
Watch dogs 2
76%
WWE 2K23
72%
Wolfenstein: The New Order
69%
World of Warcraft
69%
Worms WMD
69%
Warhammer 40,000: Space Marine 2
52%
Wario Land 4
52%
Warframe
38%
War Thunder
38%
World War Z: Aftermath
31%
We were here Forever
28%
Waven
21%
Wreckfest
21%
What Remains of Edith Finch
17%
Who's Your Daddy?!
17%
We Happy Few
14%
Wipeout Omega Collection
14%
Wo Long Fallen Dynasty
7%
Wizard of Legend
0%
Aucun quiz correspondant
Distribution des résultats
% des personnes avec chaque résultat
Percentile par nombre de réponses
Votre historique - résultats
Vous n’avez pas pris ce quiz depuis la dernière actualisation